00795 2200277 4500001002100000005001700021008004100038020001800079035002400097082001100121090001800132100002800150245010800178250001100286260003200297300002800329500004500357650002300402700001800425700001300443850001300456980001500469985000600484986001200490999001500502YOGYA-0209000002011120090227023404.0 ind  a979-415-261-7 0010-020900000020111 a646.78 a646.78bPar M aPARKINSON,C. North Cote aMasalah hubungan orangtua-anak dan cara mengatasinyacC. North Cote Parkinson, M. K. Rustomji, S. Pavri aCet. 2 aJakartabGunung Muliac1988 ax, 114 hlmbilusc20 cm aJudul asli : How to manage your children aOrang tua dan anak aRUSTOMJI, M.K aPAVRI, S aYOPDYOGB a05-06-2006 a1 aBPrtrev a93BOO19567